000 00755nam a2200253Ia 4500
001 dia_4150
003 CHAP
005 20230119181159.0
007 ta
008 220117s1990 mx f 000 0 spa d
010 _a174780
040 _cCHAP
_amxchpua
090 _aFOLLETO 2493
110 1 _976890
_aMéxico. Coordinación General de Abasto y Distribución
245 1 0 _aSistema producto zanahoria para el Distrito Federal /
_cCoordinación general de abasto y distribución del D.F.
260 _aMéxico :
_bEl autor,
_c1990
300 _a79 hojas
500 _aS/c
650 1 3 _aZanahoria
_9123576
901 _aFOLLETO 2493
902 _aM
905 _a0000001990 mx 0000000000spa00
942 _cFOLL
_2local
999 _c174780
_d174780